Expertní systémy: principy, realizace, využití

Gespeichert in:
Bibliographische Detailangaben
Format: Buch
Sprache:Tschechisch
Veröffentlicht: Praha : ČSVTS-FEL-ČVUT, 1984
Tags: Tag hinzufügen
Keine Tags, Fügen Sie das erste Tag hinzu!

MARC

LEADER 00000nam a22000003a 4500
001 stu87285
005 20141121203529.0
008 040531s1984------------------------cze-d
040 |a STU  |b slo 
041 0 |a cze 
080 |a 007.5 
080 |a 681.32 
080 |a 159.955 
080 |a 519.71  |7 stu_us_auth*stu8254 
245 |a Expertní systémy: principy, realizace, využití 
260 |a Praha :  |b ČSVTS-FEL-ČVUT,  |c 1984 
300 |a 214 s 
996 |b I2968  |c I*2968  |l II680  |s A  |a 24  |w stu87285_0001